| 000 | 01176nam0a2200349 4500 | ||
|---|---|---|---|
| 001 | RU\NLR\bibl\257438 | ||
| 005 | 20260608063005.0 | ||
| 010 |
_a5-306-00199-8 _95000 |
||
| 021 |
_aRU _b2001-60893 _92971 |
||
| 035 | _a(NLR Aleph) 000253182 | ||
| 090 |
_a1477633 _c1477633 |
||
| 100 | _a20020419d2001 |||y0rusy50 ca | ||
| 101 | 1 |
_arus _ceng |
|
| 102 | _aRU | ||
| 105 | _ay ||||||||| | ||
| 200 | 1 |
_aФамильная честь Вустеров _fПелем Гренвил Вудхаус _g[Пер. с англ. и коммент. Ю.И. Жуковой] |
|
| 210 |
_aСПб. _cКристалл _d2001 |
||
| 215 |
_a253,[2] с. _d21 |
||
| 225 | 1 | _aСтарый стиль | |
| 610 | 0 | _aАнглия, 20 в. (х. л.) | |
| 675 |
_a821.111-31Вудхаус _v3 _zrus |
||
| 686 |
_a17.82 _2rugasnti |
||
| 686 |
_a84(4Вел) _2rubbk |
||
| 686 | _aШ6(4Вл)67-4 | ||
| 700 | 1 |
_4070 _7ca _8rus _aВудхаус _bП. Г. _f1881-1975 _gПелем Гренвилл _9120643 _3RU\NLR\auth\7710880 |
|
| 801 | 0 |
_aRU _bRKP _c20020419 _gPSBO |
|
| 801 | 1 |
_aRU _bRKP _c20020419 |
|
| 801 | 2 |
_aRU _bNLR _c20050323 _grcr |
|
| 942 | _cBOOK | ||
| 980 | _aNB | ||